00604 a2200169 4500010001400000020002300014035001300037037001500050082001200065100001900077245011800096260003600214270009000250300002900340500005000369700001500419 aENG-86084 a8178241803c695.00 aEN-69617 bDBAD / PUB14a324.954 aSrinivas, M.N.1 aThe grassroots of democracy field studies of Indian elections /cby M.N.Srinivas and A.M.Shah; edited by A.M.Shah aRanikhetbPermanent Blackc2007 a`Himalayana', Mall Road, Ranikhet Cantt.,bRanikhetcU Pe263 645mperblack@gmail.com axiii, 379p.c22 cm. (Hb) aIncludes bibliographical references and index aShah, A.M.